米国市場におけるわが国軽工業品の競合状況: 特恵関税の影響について 77-ECC/701-311/27
Gardado en:
| Autor Corporativo: | |
|---|---|
| Formato: | Libro |
| Idioma: | Undetermined |
| Publicado: |
東京
日本貿易振興会
1977
|
| Những chủ đề: | |
| Các nhãn: |
Engadir etiqueta
Sen Etiquetas, Sexa o primeiro en etiquetar este rexistro!
|
| Thư viện lưu trữ: | Trung tâm Học liệu Trường Đại học Cần Thơ |
|---|
| LEADER | 00701nam a2200205Ia 4500 | ||
|---|---|---|---|
| 001 | CTU_85052 | ||
| 008 | 210402s9999 xx 000 0 und d | ||
| 082 | |a 337.5 | ||
| 082 | |b N691 | ||
| 110 | |a 日本貿易振興会海外経済情報センター | ||
| 245 | 0 | |a 米国市場におけるわが国軽工業品の競合状況: 特恵関税の影響について | |
| 245 | 0 | |b 77-ECC/701-311/27 | |
| 245 | 0 | |c 日本貿易振興会海外経済情報センター | |
| 260 | |a 東京 | ||
| 260 | |b 日本貿易振興会 | ||
| 260 | |c 1977 | ||
| 650 | |a Foreign economic relations | ||
| 650 | |x Japan,United States | ||
| 904 | |i Ngoc, Qhieu | ||
| 980 | |a Trung tâm Học liệu Trường Đại học Cần Thơ | ||